Дело о награждении членов временного Медицинского комитета: Маркуса, Спасского, Пирогова, Иноземцева, Зейдлица, Рауха

Доступно только в Электронных читальных залах Найти на картеНа карте
RUSMARC
00003615nmc2a22002413x 450
00128f054a1-d613-4843-81c6-21156cd93bb7
00520250621214601.0
100##$a20241218l18421843k l0rusy0189 ca
1010#$arus
102##$aRU
105##$ay###
1222#$ad
2001#$aДело о награждении членов временного Медицинского комитета: Маркуса, Спасского, Пирогова, Иноземцева, Зейдлица, Рауха
$j11 декабря 1842 г. - 6 июня 1843 г.
215##$a119 л.
$d36,5х26 см
251##$cДело
300##$aНа обложке указано: "№131"
371##$aДокумент не является опубликованным и широко распространяемым
461#0$10012b5b8419-5ce4-4d16-a7a3-85720a295f1f
$12001
$aКанцелярия министра народного просвещения
$1251
$cФонд
$1852
$j735
462#0$1001562cc287-b13c-4f02-8029-f81535ba1e2e
$12001
$aКанцелярия министра народного просвещения
$1251
$cОпись
$1852
$j2
801#0$aRU
$bРГИА
$c20241218
$gRCR
801#1$aRU
$bГлавНИВЦ
$c20241218
$2rusmarc
801#2$aRU
$bПБ им. Б.Н. Ельцина
$c20250621
$gRCR
$2rusmarc
850##$aРГИА
852##$aРГИА
$eФедеральное казенное учреждение "Российский государственный исторический архив" (РГИА)
$j360
937##$hРГИА
$d12421278
$aASBIBLIO_SCAN
035##$aRusGRCC00083160
856##$uhttp://readingroom.main.prlib.ru/item.aspx?id_node=n196852562&mode=full
Формат отображения